| 000 | 00772nam a2200217 a 4500 | ||
|---|---|---|---|
| 005 | 20240227063609.0 | ||
| 008 | 991125s1953 mx 000 0 spa u | ||
| 035 | _aUPN01000005640 | ||
| 049 | _aCG | ||
| 050 | 4 |
_aZ1209 _bC6.2 |
|
| 100 | 1 |
_aComas, Juan, _d1900-1979 _930643 |
|
| 245 | 1 | 0 |
_aBibliografía selectiva de las culturas indígenas de América / _cJuan Comas. |
| 260 |
_aMéxico : _bInstituto Panamericano de Geografía e Historia, _c1953. |
||
| 300 |
_axxviii, 292 p. : _b[5] h. |
||
| 440 | 0 |
_aInstituto Panamericano de Geografía e Historia. Comisión de Historia. Publicación ; _v64 |
|
| 650 | 4 |
_aETNOLOGIA - _zAMERICA LATINA - _vBIBLIOGRAFIA _911077 |
|
| 650 | 4 |
_aIndígenas _vBibliografía _913143 |
|
| 902 | _aMEEG/ | ||
| 904 |
_aAC _b005640 |
||
| 905 | _aLibro | ||
| 999 |
_c5640 _d5640 |
||